| 000 | 00549nam a2200229Ia 4500 | ||
|---|---|---|---|
| 003 | OSt | ||
| 005 | 20220912145115.0 | ||
| 006 | a|||||r|||| 00| 0 | ||
| 007 | ta | ||
| 008 | 220909b |||||||| |||| 00| 0 eng d | ||
| 024 | _a80069 | ||
| 037 | _cTextual | ||
| 040 |
_aCSL _beng _cCSL |
||
| 041 | _aeng | ||
| 082 | _aB27, L0 | ||
| 100 | _aBurton David | ||
| 245 | 0 | _aFirst course in ring and ideals | |
| 260 |
_aLondon _c1970 |
||
| 300 |
_axii309p. _ccm. |
||
| 942 |
_hB27, L0 _cTEXL _2CC |
||
| 999 |
_c23367 _d23367 |
||